LEADER 00960nam a22002651i 4500 001 991001164139707536 005 20040211165158.0 008 040407s1970 it a||||||||||||||||ita 035 $ab12728123-39ule_inst 035 $aARCHE-070776$9ExL 040 $aDip.to Scienze Storiche$bita$cA.t.i. Arché s.c.r.l. Pandora Sicilia s.r.l. 082 04$a914.52 110 2 $aTouring club italiano$05623 245 10$aLombardia, eccetto Milano e laghi 250 $a8. ed. 260 $aMilano :$bTouring club italiano,$c1970 300 $a756 p. :$bill., c. geogr. ;$c17 cm 440 0$aGuida d'Italia del Touring club italiano 651 4$aLombardia$xGuide 907 $a.b12728123$b02-04-14$c16-04-04 912 $a991001164139707536 945 $aLE009 GEOG.14.413-79$g1$i2009000158955$lle009$o-$pE0.00$q-$rl$s- $t0$u0$v0$w0$x0$y.i13261186$z16-04-04 996 $aLombardia$9148875 997 $aUNISALENTO 998 $ale009$b16-04-04$cm$da $e-$fita$git $h0$i1 LEADER 01344nam 2200397 450 001 9910703848103321 005 20150805142252.0 035 $a(CKB)5470000002435251 035 $a(OCoLC)915832910 035 $a(EXLCZ)995470000002435251 100 $a20150805d2000 ua 0 101 0 $aeng 135 $aurcn||||||||| 181 $2rdacontent 182 $2rdamedia 183 $2rdacarrier 200 00$aCommuter choice $ebenefits for commuters, companies, communities .. 210 1$a[Washington, D.C.] :$cUnited States Environmental Protection Agency, Office of Transportation and Air Quality,$d[2000] 215 $a1 online resource (3 unnumbered pages) 300 $a"EPA420-F-00-015." 300 $aTitle from title screen (viewed on Aug. 5, 2015). 300 $a"May 2000." 517 $aCommuter choice 606 $aEmployer-sponsored transportation$zUnited States 606 $aCommuting$zUnited States 606 $aChoice of transportation 615 0$aEmployer-sponsored transportation 615 0$aCommuting 615 0$aChoice of transportation. 712 02$aUnited States.$bEnvironmental Protection Agency.$bOffice of Transportation and Air Quality, 801 0$bGPO 801 1$bGPO 906 $aBOOK 912 $a9910703848103321 996 $aCommuter choice$93539629 997 $aUNINA LEADER 03626nam 22006495 450 001 9910300224003321 005 20250704134744.0 010 $a94-017-9873-7 024 7 $a10.1007/978-94-017-9873-0 035 $a(CKB)3710000000412308 035 $a(EBL)2094648 035 $a(SSID)ssj0001501561 035 $a(PQKBManifestationID)11848054 035 $a(PQKBTitleCode)TC0001501561 035 $a(PQKBWorkID)11441091 035 $a(PQKB)11542843 035 $a(DE-He213)978-94-017-9873-0 035 $a(MiAaPQ)EBC2094648 035 $a(PPN)186026285 035 $a(EXLCZ)993710000000412308 100 $a20150504d2015 u| 0 101 0 $aeng 135 $aur|n|---||||| 181 $ctxt 182 $cc 183 $acr 200 10$aLaparoscopic Gastrectomy for Gastric Cancer $eSurgical Technique and Lymphadenectomy /$fedited by Chang-Ming Huang, Chao-Hui Zheng 205 $a1st ed. 2015. 210 1$aDordrecht :$cSpringer Netherlands :$cImprint: Springer,$d2015. 215 $a1 online resource (357 p.) 300 $aDescription based upon print version of record. 311 08$a94-017-9872-9 320 $aIncludes bibliographical references at the end of each chapters. 327 $aSummary of anatomy and physiology of perigastric lymphatic system -- The current status and development of laparoscopic lymph node dissection for gastric cancer -- Preoperative notes of laparoscopic lymph node dissection for gastric cancer -- Laparoscopic infrapyloric area lymph node dissection for gastric cancer -- Laparoscopic suprapancreatic area lymph node dissection for gastric cancer -- Laparoscopic splenic hilar area lymph node dissection for gastric cancer -- Laparoscopic cardiac area lymph node dissection for gastric cancer -- Reconstruction of the digestive tract after laparoscopic gastrectomy for gastric cancer -- Prevention and treatment of complications associated with laparoscopic surgery for gastric cancer. 330 $aThis book presents surgical techniques and detailed illustrations of laparoscopic gastrectomy for gastric cancer, focusing on effective, concise steps and techniques. It describes in detail the perigastric anatomy, and the incidences of each anatomical structure are analyzed statistically. It also discusses lessons learned and best practices in the management of gastric cancer patients, and includes video captures of precise operational techniques -essential resources for gastrointestinal laparoscopic surgeons. Given its close connection to clinical practice, it offers a valuable reference work for general surgeons and residents.   Editor Chang-Ming Huang is a Professor at the Department of Gastric Surgery, Fujian Medical University Union Hospital, China. Editor Chao-Hui Zheng is an Associate Professor at the same department. 606 $aCancer$xTreatment 606 $aEndoscopic surgery 606 $aGastroenterology 606 $aCancer Therapy 606 $aMinimally Invasive Surgery 606 $aGastroenterology 615 0$aCancer$xTreatment. 615 0$aEndoscopic surgery. 615 0$aGastroenterology. 615 14$aCancer Therapy. 615 24$aMinimally Invasive Surgery. 615 24$aGastroenterology. 676 $a610 676 $a616.33 676 $a616994 676 $a617.05 702 $aHuang$b Chang-Ming$4edt$4http://id.loc.gov/vocabulary/relators/edt 702 $aZheng$b Chao-Hui$4edt$4http://id.loc.gov/vocabulary/relators/edt 906 $aBOOK 912 $a9910300224003321 996 $aLaparoscopic Gastrectomy for Gastric Cancer$92533818 997 $aUNINA